000
00215nam a22000857a 4500
001
1258644
005
20260313131715.0
245
_a
PEYGAMBERİMİZİN HAYATI SİYERİ NEBİ
_c
ABDÜLHAMİD CÜDE ES SAHHAR
260
_b
AGD
999
_c
1258644
_d
1258644